000 01584nam a22002057a 4500
003 OSt
005 20260410110921.0
008 260410b |||||||| |||| 00| 0 eng d
020 _a 1891620819
082 _2 1891620819
100 _a Paul Blustein
245 _aThe Chastening
_b Inside the Crisis That Rocked the Global Financial System and Humbled the IMF.
250 _a1ra
260 _aNueva York - E,E U.U
_b PublicAffairs
_c2001
300 _a448 páginas.
_c23X15CM
490 _3Tapa dura (Hardcover)
_asobrecubierta.
520 _aEste libro narra las crisis financieras globales de finales de los 90, centrándose en el colapso de divisas en Asia, Rusia y Brasil. Paul Blustein ofrece un acceso privilegiado a los "pasillos del poder", revelando cómo el Fondo Monetario Internacional (FMI) y el Tesoro de EE. UU. tomaron decisiones desesperadas para evitar un crack mundial. La obra expone los errores de cálculo de los tecnócratas que, a pesar de su inteligencia, no pudieron prever el pánico de los mercados. Describe cómo el FMI pasó de ser una institución omnipotente a ser humillada por la complejidad de la economía moderna. Es una crónica sobre la fragilidad del sistema financiero y el impacto humano de las políticas de austeridad. El autor combina entrevistas exclusivas con análisis técnico para explicar por qué las recetas económicas fallaron en países como Indonesia o Tailandia. En esencia, es una lección sobre los límites de la intervención internacional frente a la globalización.
700 _a Paul Blustein
942 _2ddc
_cBK
_n0
999 _c2063
_d2063